000 00353pab a2200145 454500
008 180718b2005 xxu||||| |||| 00| 0 eng d
100 _aMadhurendra Kumar
245 _aGeopolitics of power equations in Asia
260 _c2005
300 _ap.7-12.
362 _aMay
650 _aInternational relations
773 _aThird Concept
909 _a64893
999 _c64893
_d64893